Allpanchis : (Registro nro. 11893)

Detalles MARC
000 -Cabecera
Campo de control interno 00496nam a2200181Ia 4500
005 - Fecha y hora del registro
control field 20260306162901.0
008 - Elementos de Longitud Fija
fixed length control field 260306t2023||||xx |||||||||||||| ||spa||
041 ## - Idioma
Codigo Idioma ESP
082 ## - DEWEY y NOTACIÓN INTERNA
Dewey HR 261.8
Notación Interna N° 92 2023 ALLPANCHIS
110 ## - AUTOR INSTTITUCIONAL
Autor Institucional Universidad Católica San Pablo. Centro de Estudios Peruanos
245 #0 - TÍTULO DE MATERIAL BIBLIOGRÁFICO
Título Allpanchis :
Título paralelo revista de estudios andinos
260 ## - CIUDAD, EDITORIAL, AÑO
Año 2023
300 ## - DESCRIPCIÓN
N° Páginas 346 páginas :
Dimensiones 20 cm.
650 ## - TEMAS
Temas Generalidades
654 ## - PROGRAMAS
Programa Dpto. de Humanidades
942 ## - ELEMENTOS DE KOHA
Tipo de documento Revista
Nombre del creador Justo Noguera
Código de catalogador Justo Noguera
Esquema de clasificación Dewey Decimal Classification
Suppress in OPAC
Existencias
Codigo completo Registro Colección Copia número Disponibilidad Tipo de préstamo Biblioteca Actual Procedencia (Biblioteca) Ubicacón Fecha Ingreso Tipo de Adquisición Date last seen Total checkouts Price effective from Tipo de Item Estado del Material Fuente de Clasificación Damaged status Withdrawn status
HR 261.8 N° 92 2023 ALLPANCHIS 1080729 Universidad Católica San Pablo 1 Disponible Disponible Víctor Andrés Belaunde Víctor Andrés Belaunde Planta baja abierta 03/06/2026 Donación 06/03/2026   06/03/2026 Revista Bueno Dewey Decimal Classification